Hỏi - đáp về VietGAP trong nuôi trồng thủy sản
Nội dung sách giới thiệu về các vấn đề chung và nội dung VietGAP như: chất lượng và an toàn thực phẩm, quản lý sức khoẻ thuỷ sản nuôi, bảo vệ môi trường và khía cạnh xã hội.
Saved in:
| Main Author: | |
|---|---|
| Format: | Book |
| Language: | Undetermined |
| Published: |
Hà Nội
Nông nghiệp
2014
|
| Subjects: | |
| Tags: |
Add Tag
No Tags, Be the first to tag this record!
|
| Institutions: | Trung tâm Học liệu Trường Đại học Cần Thơ |
|---|
| LEADER | 00937nam a2200205Ia 4500 | ||
|---|---|---|---|
| 001 | CTU_214997 | ||
| 008 | 210402s9999 xx 000 0 und d | ||
| 020 | |c 28000 | ||
| 082 | |a 639.31 | ||
| 082 | |b C121 | ||
| 100 | |a Như, Văn Cẩn | ||
| 245 | 0 | |a Hỏi - đáp về VietGAP trong nuôi trồng thủy sản | |
| 245 | 0 | |c Như Văn Cẩn (chủ biên), Nguyễn Tử Cương | |
| 260 | |a Hà Nội | ||
| 260 | |b Nông nghiệp | ||
| 260 | |c 2014 | ||
| 520 | |a Nội dung sách giới thiệu về các vấn đề chung và nội dung VietGAP như: chất lượng và an toàn thực phẩm, quản lý sức khoẻ thuỷ sản nuôi, bảo vệ môi trường và khía cạnh xã hội. | ||
| 650 | |a Nuôi cá nước ngọt,Thuỷ sản,Freshwater fishes,Fish-culture | ||
| 904 | |i Qhieu | ||
| 980 | |a Trung tâm Học liệu Trường Đại học Cần Thơ | ||